Participación ciudadana y polítcas sociales del ámbito local /

Tallennettuna:
Bibliografiset tiedot
Päätekijä: Ziccardi, Alicia
Yhteisötekijät: Universidad Autónoma de México. Instituto de Investigaciones Sociales, Consejo Mexicano de Ciencias Sociales Instituto Nacional de Desarrollo Social
Muut tekijät: coord
Aineistotyyppi: Teksti
Julkaistu: México, D.F.: UNAM. INDESOL. COMERCSO
Aiheet:
Tagit: Lisää tagi
Ei tageja, Lisää ensimmäinen tagi!

MARC

LEADER 00000 a a2200000 04500
001 30313
003
040
020 |a 970-32-1811-3  
090 |a 194603  
100 |a Ziccardi, Alicia  
110 |a Universidad Autónoma de México. Instituto de Investigaciones Sociales  
245 |a Participación ciudadana y polítcas sociales del ámbito local /  |c Universidad Autónoma de México. Instituto de Investigaciones Sociales  
260 |a México, D.F.:   |b UNAM. INDESOL. COMERCSO  
300 |a 462 p  
650 |a CIUDADANIA  
650 |a SERVICIOS SOCIALES  
650 |a POLITICA SOCIAL  
650 |a PARTICIPACION SOCIAL  
700 |a coord.  
710 |a Consejo Mexicano de Ciencias Sociales   |a Instituto Nacional de Desarrollo Social  
999 |c 5687  |d 5687